[Event "Pula tt2"]
[Site "Pula"]
[Date "1990.??.??"]
[Round "6"]
[White "Radusin, Branko"]
[Black "Polajzer, Danilo"]
[Result "1/2-1/2"]
[WhiteElo "2325"]
[BlackElo "2325"]
[PlyCount "36"]
[EventDate "1990.??.??"]
[EventType "team"]
[EventRounds "11"]
[EventCountry "YUG"]
[SourceTitle "EXT 2000"]
[Source "ChessBase"]
[SourceDate "1999.11.16"]
[SourceVersion "1"]
[SourceVersionDate "1999.11.16"]
[SourceQuality "1"]

1. e4 c5 2. c3 d5 3. exd5 Qxd5 4. d4 e6 5. Nf3 Nf6 6. Be2 cxd4 7. cxd4 Be7 8. 0-0 0-0 9. Nc3 Qd6 10. Bg5 Nc6 11. a3 b6 12. Nb5 Qb8 13. Rc1 Bb7 14. Bd3 a6 15. Nc3 h6 16. Bh4 Nh5 17. d5 exd5 18. Nxd5 Bxh4 1/2-1/2

[Event "Pula tt2"]
[Site "Pula"]
[Date "1990.??.??"]
[Round "9"]
[White "Zelcic, Robert"]
[Black "Radusin, Branko"]
[Result "1-0"]
[WhiteElo "2325"]
[BlackElo "2325"]
[PlyCount "121"]
[EventDate "1990.??.??"]
[EventType "team"]
[EventRounds "11"]
[EventCountry "YUG"]
[SourceTitle "EXT 2000"]
[Source "ChessBase"]
[SourceDate "1999.11.16"]
[SourceVersion "1"]
[SourceVersionDate "1999.11.16"]
[SourceQuality "1"]

1. e4 d6 2. d4 g6 3. Nc3 Bg7 4. f4 Nf6 5. e5 Nfd7 6. Nf3 0-0 7. h4 c5 8. h5 cxd4 9. hxg6 hxg6 10. Qxd4 Re8 11. Qf2 Nf8 12. Be3 Nc6 13. 0-0-0 Bg4 14. Bc4 Qc8 15. Ng5 Nd8 16. Bb5 Nc6 17. Bc4 Nd8 18. Be2 Bxe2 19. Nxe2 Nde6 20. Nf3 Qc6 21. Ned4 Nxd4 22. Bxd4 Rac8 23. exd6 Qxd6 24. Qh4 Bxd4 25. Nxd4 Qf6 26. Qf2 e5 27. Nb5 Rc6 28. g3 exf4 29. gxf4 Re4 30. Kb1 Rxf4 31. Qxa7 Rb4 32. Nd4 Rd6 33. c3 Rbb6 34. Rdf1 Qd8 35. Rf4 g5 36. Rff1 Rd5 37. Qa3 Ra5 38. Qxa5 Rxb2+ 39. Kxb2 Qxa5 40. Rf5 Qb6+ 41. Rb5 Qf6 42. Nf5 Ne6 43. Nh6+ Kg7 44. Rf5 Qd8 45. Rxf7+ Kg6 46. Rf3 Nf4 47. Ng4 Qd2+ 48. Ka1 Qe2 49. Rg1 Qd2 50. Nf2 Kh6 51. Ne4 Qc2 52. Nxg5 Qh2 53. Nf7+ Kh5 54. Rfg3 Nh3 55. R1g2 Qh1+ 56. Kb2 Nf4 57. Rg5+ Kh4 58. R2g4+ Kh3 59. Ne5 Qh2+ 60. Ka3 Qf2 61. Rg1 1-0